Salud, el deporte y el niño (Registro nro. 1299)

Detalles MARC
000 -LEADER
fixed length control field 00495nas a22001577a 4500
008 - CAMPO DE CONTROL RECURSOS CONTINUADOS
fixed length control field 130404t20019999ag ||||| |||| 00| 0 spa d
022 ## - INTERNATIONAL STANDARD SERIAL NUMBER
International Standard Serial Number 1515-3665
245 ## - TITULO
Titulo Salud, el deporte y el niño
260 ## - PUBLICACION, DISTRIBUCION, ETC. (PIE DE IMPRENTA)
Lugar de publicación, distribución, etc Mar del Plata,
Nombre de la editorial, distribuidor, etc. Area de Medicina del Deporte del Hospital Interzonal Esecializad Materno Infantil:
Fecha de publicación 2001
300 ## - DESCRIPCION FISICA
Extensión v. :
546 ## - NOTA DE IDIOMA
Nota de lenguaje español
590 ## - NOTAS LOCALES (RLIN)
Nota local Existencias: 2001 5(11); 2002 6(12)
650 ## - MATERIA-TERMINO TEMATICO
Término temático MEDICINA DEL DEPORTE
9 (RLIN) 1876
650 ## - MATERIA-TERMINO TEMATICO
Término temático PEDIATRIA
9 (RLIN) 1741
942 ## - ADDED ENTRY ELEMENTS (KOHA)
Source of classification or shelving scheme Dewey Decimal Classification
Item type Continuing Resources

No hay ítems disponibles.


UNIVERSIDAD NACIONAL DEL COMAHUE
Biblioteca de la Facultad de Ciencias Médicas
Sede Toschi: Los Arrayanes y Av. Toschi, Cipolletti  - Rio Negro
Sede Los Tordos:  Yrigoyen al 2211, Cipolletti - Rio Negro 

Teléfono: 0299 - 4774707 int 25
Contacto: biblioteca@facimed.uncoma.edu.ar
© 2011 - 2026